| 000 | 01546nam a2200193Ia 4500 | ||
|---|---|---|---|
| 003 | Ost | ||
| 005 | 20260507075637.0 | ||
| 008 | 260507s9999||||xx |||||||||||||| ||und|| | ||
| 040 | _cfsecg | ||
| 041 | _aara | ||
| 100 |
_aدويدار، محمد _eمؤلف |
||
| 245 | 0 |
_aمبادئ الاقتصاد السياسي : _bالأساسيات تاريخ علم الاقتصاد السياسي الاقتصاد السياسي و الرأسمالية الاقتصاد السياسي و الاشتراكية / _c محمد دويدار |
|
| 260 |
_aالاسكندرية: _bدار الجامعة الجديدة للنشر, _c1999 |
||
| 300 |
_a376 صفحة؛ _c24 سم |
||
| 520 | _aتناول الاقتصاد السياسي كعلم و تاريخ الاقتصاد السياسي و اعتبار الاقتصاد السياسي كعلم لطرق الانتاج كما تم التطرق الى الاقتصاد السياسي و الرأسمالية بتناول التحليل الوحدوي و نقد النظرية الحدية في تحديد الائتمان و الجوانب السلبية للعملية الاقتصادية الرأسمالية و كذا التطرق الى الاقتصاد السياسي و الاشتراكي بتناول التركيب التنظيمي للاقتصاد المخطط و عملية التخطيط الاقتصادي و المشكلات الاقتصادية كما تعرض في الاقتصاد المخطط. | ||
| 653 | _aالاقتصاد | ||
| 653 | _aالاقتصاد السياسي | ||
| 942 | _cكتاب | ||
| 999 |
_c45313 _d45313 |
||